Capitales en 5 lettres - Statistiques

Statistiques générales
  • Ce quiz a été pris 141 fois
  • Le résultat moyen est 20 sur 27
Statistiques - réponses
Capitales % Correct
Paris
98%
Tokyo
92%
Pékin
91%
Alger
90%
Tunis
89%
Dacca
86%
Rabat
84%
Séoul
83%
Quito
81%
Berne
80%
Dakar
77%
Accra
74%
Damas
74%
Vaduz
73%
Minsk
72%
Sanaa
71%
Riyad
69%
Hanoï
67%
Amman
66%
Abuja
65%
Praia
64%
Sofia
64%
Bakou
61%
La paz
59%
Yaren
56%
Le Cap
55%
Sucre
50%
Aucun quiz correspondant
Distribution des résultats
% des personnes avec chaque résultat
Percentile par nombre de réponses
Votre historique - résultats
Vous n’avez pas pris ce quiz